Statistiques concernant Films avec Natalie Portman en image

Cliquez ici pour prendre le quiz!

Statistiques générales

  • Ce quiz a été pris 157 fois
  • Le résultat moyen est 5 sur 12

Statistiques - réponses

Réponse% Correct
Thor
94%
Leon
90%
Black Swan
88%
Star Wars
87%
Jackie
51%
V pour Vendetta
43%
Sex Friend
28%
Deux sœurs pour un roi
26%
Brothers
18%
Garden state
9%
Retour à Cold Mountain
3%
Un Hiver à Central Park
3%

Distribution des résultats

Percentile par nombre de réponses

% des personnes avec chaque résultat

Votre développement - résultats

Vous n’avez pas pris ce quiz